00524nam a2200133Ia 4500008004100000020001800041082001900059100002100078245012800099260002400227300001100251500008300262650004500345120622s9999 xx 000 0 und d a968-38-0245-1 a658.4092 G734r aGraen, George B. aLas reglas no escritas de la empresa : 15 secretos para progresar en su carrera / George B. Graen ; tr. por Enrique Mercado aMéxico : Panorama a286 p. aIncluye índice analítico \ Traducción de: Unwriten rules for your career a1. LIDERAZGO \ 2. NEGOCIOS \ 3. EXITOÌ